000 00758cab a2200241 4500
001 WB2911-15
008 090401t1993 xxu||||| |||| 00| 0 eng d
035 _a(Sirsi) u72304
041 _aeng
245 _aWarehouse clubs to be launched
260 _c1993
350 _a0
490 _aSunday Telegraph
_v14 March 1993, 38(1)
520 _aNurdin & Peacock plan to open warehouse clubs in the UK. US clubs charge annual fee with cheap prices for bulk purchases. First sites are thought to be in Croydon and Walsall.
650 _aDISCOUNT STORES
650 _aSUPERSTORE
650 _aUSA
650 _aWAREHOUSE CLUBS
650 _aWAREHOUSES
690 _aPROPERTY-COMMERCIAL PROPERTY-RETAIL PROPERTY
942 _n0
948 _c04/03/1997
999 _c45668
_d45668